Modelo de gestión de recursos en el centro de distribución de Florida Bebidas

Αποθηκεύτηκε σε:
Λεπτομέρειες βιβλιογραφικής εγγραφής
Κύριος συγγραφέας: Artiñano García, Tomás
Άλλοι συγγραφείς: Camacho Rodríguez, Marcela, Jiménez Bresciani, Fernando
Μορφή: Βιβλίο
Έκδοση: [San José, Costa Rica] 2008
Θέματα:
Ετικέτες: Προσθήκη ετικέτας
Δεν υπάρχουν, Καταχωρήστε ετικέτα πρώτοι!

MARC

LEADER 00000nam a2200000Ia 4500
003 001068
005 20221231144102.0
008 140114s2008 cr a 000 ||s d
040 |c cru CEDI  
090 |a TFG 5594 
100 |a Artiñano García, Tomás  |9 4484 
245 |a Modelo de gestión de recursos en el centro de distribución de Florida Bebidas 
260 |c 2008  |b [San José, Costa Rica] 
300 |a 172 hojas; ilustraciones a color 
500 |a Proyecto de graduación (licenciatura en ingeniería industrial)--Universidad de Costa Rica. Facultad de Ingeniería. Escuela de Ingeniería Industrial 
650 |x FLORIDA BEBIDAS. CENTRO DE DISTRIBUCION (COSTA RICA)  |x  CONTROL DE PROCESOS   |x DISTRIBUCION FISICA DE MERCANCIAS  |x  GESTION EMPRESARIAL  |9 4487 
700 |9 4485  |a Camacho Rodríguez, Marcela 
700 |9 4486  |a Jiménez Bresciani, Fernando  
942 |c TFG 
999 |c 16667  |d 16667